| 000 | 01022nam a2200277Ia 4500 | ||
|---|---|---|---|
| 001 | 13720 | ||
| 003 | IT-RoPAU | ||
| 008 | 130308s9999 xx 000 0 und d | ||
| 040 | _aIT-RoPAU | ||
| 040 | _cIT-RoPAU | ||
| 041 | _aITALIANO | ||
| 100 | _aZamboni Lucia | ||
| 100 | _gCodice Aut. SPICS: 3408 | ||
| 245 | _aRiflessione su una esperienza giovanile | ||
| 245 | _bRiflessione su una Esperienza Giovanile | ||
| 250 | _a1a ed. | ||
| 260 | _bs.e. (senza Editrice o non identificata) | ||
| 300 | _a"72 p. (prefazione: no ; testo: 72)" | ||
| 500 | _aIntervista a un gruppo Giovanile su Alcuni Valori Giustizia Pace Libertà Sessualità Amore Tempo libero e Mass Media Analisi del Linguaggio di Alcuni Film Contemporanei in Rapporto a questi Valori reazione dei Giovani Confronto di Maturazione Umana catechesi Giovanile dei Valori Umani Cineforum | ||
| 650 | _aSAGGI PASTORALE COMUNICAZIONE SOCIALE | ||
| 650 | _eCodice materia Spics: 9311 | ||
| 942 | _cBK | ||
| 957 | _71 | ||
| 999 |
_c76158 _d76158 |
||
| 999 | _bSI | ||
| 999 | _g2 | ||